Wikimedia Foundation Quiz Stats

 Plays Quiz Updated Mar 17, 2020

Support Sporcle.
Go Orange.
Score 0/11 Timer 04:00
1 Play Today
Wikimedia site % Correct
Wikipedia
98.8%
Wiktionary
38.8%
Wikimedia Commons
36.1%
Wikiquote
31%
Wikibooks
21.9%
Wikidata
20.3%
Wikinews
18.3%
Wikisource
16.1%
Wikiversity
13.7%
Wikispecies
12.5%
MediaWiki
8.7%

From the Vault

16th Century Names Match-Up

by khands

History 10m
These names stood the test of time through more than a few centuries.
Remove Ads.
Support Sporcle.
Get the best of Sporcle when you Go Orange. This ad-free experience offers more features, more stats, and more fun while also helping to support Sporcle. Thank you for becoming a member.

Show Comments

Extras

Top Quizzes Today


Score Distribution

Your Account Isn't Verified!

In order to create a playlist on Sporcle, you need to verify the email address you used during registration. Go to your Sporcle Settings to finish the process.

Report this User

Report this user for behavior that violates our Community Guidelines.

Details: